[Event "4NCL 3 North pool C"]
[Site "Crewe, ENG"]
[Date "2016.04.30"]
[Round "9.55"]
[White "Jayawarna, Nugith"]
[Black "Watson, Phil R"]
[Result "1/2-1/2"]
[WhiteElo "2050"]
[BlackElo "2181"]
[PlyCount "96"]
[EventDate "2016.04.30"]
[WhiteTeam "Manchester Manticores 2"]
[BlackTeam "Bradford DCA Knights A"]

1. c4 c6 2. d4 d5 3. Nf3 e6 4. Nc3 f5 5. g3 Nf6 6. Bg2 Bd6 7. O-O Nbd7 8. e3
O-O 9. b3 b6 10. Ne2 Ba6 11. Qc2 Qe7 12. Bb2 Rac8 13. Rfd1 dxc4 14. bxc4 c5 15.
Qa4 Nb8 16. Rac1 Qe8 17. Qxe8 Rfxe8 18. d5 exd5 19. Bxf6 gxf6 20. Rxd5 Be5 21.
Nh4 Nc6 22. Nxf5 Na5 23. Nd6 Bxd6 24. Rxd6 Rcd8 25. Bd5+ Kg7 26. Rxd8 Rxd8 27.
Nf4 Rd6 28. Ne6+ Kg6 29. Nc7 Bb7 30. Bxb7 Nxb7 31. Nd5 f5 32. f3 Kf7 33. Kf2 b5
34. e4 fxe4 35. fxe4 bxc4 36. Rxc4 Ra6 37. Rc2 Ra3 38. Nc3 Nd6 39. Ke2 Ke6 40.
Kd3 Ke5 41. h4 h5 42. Ke2 c4 43. Kd1 Nxe4 44. Nxe4 Kxe4 45. Rxc4+ Kf5 46. Rc5+
Kg6 47. Rc6+ Kg7 48. Rc5 Kh6 1/2-1/2

[Event "4NCL 3 North pool C"]
[Site "Crewe, ENG"]
[Date "2016.04.30"]
[Round "9.56"]
[White "Lang, Adam R"]
[Black "Whitehead, Mark A"]
[Result "1-0"]
[WhiteElo "2159"]
[BlackElo "1975"]
[PlyCount "65"]
[EventDate "2016.04.30"]
[WhiteTeam "Bradford DCA Knights A"]
[BlackTeam "Manchester Manticores 2"]

1. e4 c5 2. Nf3 e6 3. d4 cxd4 4. Nxd4 a6 5. c4 d6 6. Nc3 Nf6 7. Be2 Be7 8. O-O
O-O 9. Be3 Qc7 10. f4 b6 11. Rc1 Bb7 12. Bf3 Re8 13. Qe2 Bf8 14. Kh1 Nbd7 15.
b3 Rac8 16. e5 Bxf3 17. Nxf3 Ng4 18. Bd4 f6 19. exf6 Ngxf6 20. Ng5 e5 21. fxe5
dxe5 22. Be3 Ba3 23. Rcd1 b5 24. Nb1 Bc5 25. Nd2 h6 26. Nge4 bxc4 27. Qxc4+ Kh8
28. Bxc5 Nxe4 29. Nxe4 Nxc5 30. Nd6 Ne6 31. Qxc7 Nxc7 32. Nxc8 Rxc8 33. Rc1 1-0

[Event "4NCL 3 North pool C"]
[Site "Crewe, ENG"]
[Date "2016.04.30"]
[Round "9.57"]
[White "Trueman, Glenn"]
[Black "Drabble, Andrew"]
[Result "0-1"]
[WhiteElo "2029"]
[BlackElo "2053"]
[PlyCount "138"]
[EventDate "2016.04.30"]
[WhiteTeam "Manchester Manticores 2"]
[BlackTeam "Bradford DCA Knights A"]

1. Nf3 Nf6 2. g3 d5 3. d4 e6 4. c4 Be7 5. Bg2 O-O 6. O-O Nbd7 7. Qc2 c6 8. Nbd2
b6 9. e4 Bb7 10. e5 Ne8 11. cxd5 cxd5 12. Rd1 Rc8 13. Qb3 Qc7 14. Nf1 Qc4 15.
N1d2 Qxb3 16. Nxb3 Nc7 17. Be3 Nb8 18. Rdc1 Nc6 19. a3 Na8 20. Rc2 Nxe5 21.
Rxc8 Nxf3+ 22. Bxf3 Rxc8 23. Rc1 Rxc1+ 24. Nxc1 Kf8 25. Be2 Bd6 26. f4 Nc7 27.
Kf2 Ke7 28. Bd3 g6 29. Ke1 f6 30. Kd2 e5 31. fxe5 fxe5 32. dxe5 Bxe5 33. Kc2
Ne6 34. Bf1 Kd6 35. b3 Nd4+ 36. Kd1 Bc8 37. Bxd4 Bxd4 38. Nd3 g5 39. Kd2 Bd7
40. Ne1 Bb2 41. a4 Bf6 42. Bd3 h6 43. Bg6 Be6 44. b4 a5 45. bxa5 bxa5 46. Bc2
Kc5 47. Nd3+ Kd4 48. Nc1 Kc4 49. Bd3+ Kc5 50. Bb5 Bf5 51. Nd3+ Kd4 52. Nc1 Be7
53. Nb3+ Ke5 54. Ke2 Bb4 55. Nc1 Bg4+ 56. Kd3 h5 57. Ne2 Bf5+ 58. Ke3 d4+ 59.
Kf2 d3 60. Ng1 Bc5+ 61. Kf1 Bxg1 62. Kxg1 d2 63. Be2 Bc2 64. Bxh5 d1=Q+ 65.
Bxd1 Bxd1 66. h4 g4 67. Kf2 Bxa4 68. Ke3 Be8 69. Kd3 a4 0-1

[Event "4NCL 3 North pool C"]
[Site "Crewe, ENG"]
[Date "2016.04.30"]
[Round "9.58"]
[White "Eagleton, Greg T"]
[Black "Webster, Richard J"]
[Result "1-0"]
[WhiteElo "2050"]
[BlackElo "1997"]
[PlyCount "77"]
[EventDate "2016.04.30"]
[WhiteTeam "Bradford DCA Knights A"]
[BlackTeam "Manchester Manticores 2"]

1. d4 e6 2. Nf3 Nf6 3. Bg5 d5 4. Nbd2 Be7 5. e3 O-O 6. Bd3 Nbd7 7. O-O Ne8 8.
Bxe7 Qxe7 9. c4 a5 10. Qc2 h6 11. Rfe1 c6 12. e4 dxc4 13. Nxc4 Nd6 14. Nce5
Nxe5 15. Nxe5 Rd8 16. Qc5 Qf8 17. Rad1 Ne8 18. Nc4 b5 19. Nb6 Qxc5 20. dxc5 Rb8
21. Be2 Bb7 22. e5 Nc7 23. Rd6 Nd5 24. Nxd5 exd5 25. Bg4 Kf8 26. f4 Rxd6 27.
exd6 Re8 28. Kf2 Rxe1 29. Kxe1 Ke8 30. Kd2 b4 31. Be2 Bc8 32. Kc2 Bf5+ 33. Kb3
Bb1 34. Ka4 Bc2+ 35. Kxa5 d4 36. Kb6 Kd7 37. Bf3 f5 38. Bxc6+ Kd8 39. Bb5 1-0

[Event "4NCL 3 North pool C"]
[Site "Crewe, ENG"]
[Date "2016.04.30"]
[Round "9.59"]
[White "Reed, John"]
[Black "Allis, Richard"]
[Result "1/2-1/2"]
[WhiteElo "2035"]
[BlackElo "2064"]
[PlyCount "80"]
[EventDate "2016.04.30"]
[WhiteTeam "Manchester Manticores 2"]
[BlackTeam "Bradford DCA Knights A"]

1. d4 f5 2. Nf3 Nf6 3. g3 d6 4. Bg2 Nbd7 5. d5 Nb6 6. Nc3 e5 7. dxe6 Bxe6 8.
Ng5 Bc8 9. O-O d5 10. Nh3 c6 11. Bg5 Be7 12. e3 O-O 13. Ne2 Ne4 14. Bxe7 Qxe7
15. b3 Bd7 16. a4 Rad8 17. a5 Nc8 18. Qd4 g6 19. Rfd1 Ncd6 20. Nhf4 g5 21. Nd3
Rde8 22. c4 Be6 23. Nb2 c5 24. Qd3 dxc4 25. Nxc4 Rd8 26. Qc2 Nxc4 27. bxc4 Nd6
28. Bd5 Nf7 29. Nc3 Ne5 30. Qe2 g4 31. Bxe6+ Qxe6 32. Nd5 Nf3+ 33. Kg2 Qe4 34.
Nf6+ Rxf6 35. Rxd8+ Kg7 36. Qd1 Nxh2+ 37. Kg1 Nf3+ 38. Kf1 Nh2+ 39. Kg1 Nf3+
40. Kf1 Nh2+ 1/2-1/2

[Event "4NCL 3 North pool C"]
[Site "Crewe, ENG"]
[Date "2016.04.30"]
[Round "9.60"]
[White "Nicholson, Jim W R"]
[Black "Jaques, Andrew"]
[Result "1/2-1/2"]
[WhiteElo "2017"]
[BlackElo "1975"]
[PlyCount "62"]
[EventDate "2016.04.30"]
[WhiteTeam "Bradford DCA Knights A"]
[BlackTeam "Manchester Manticores 2"]

1. d4 Nf6 2. Nf3 g6 3. Bg5 Bg7 4. Nbd2 d5 5. e3 O-O 6. Bd3 Nbd7 7. O-O c5 8. c3
Qb6 9. Qb1 e5 10. dxe5 Ng4 11. a4 Ngxe5 12. Bc2 Nxf3+ 13. Nxf3 Nf6 14. a5 Qc7
15. Bf4 Qe7 16. h3 Ne4 17. Rd1 Nf6 18. Ra3 Be6 19. b4 c4 20. Nd4 Nh5 21. Bh2
Qg5 22. Nf3 Qe7 23. Rd2 Rad8 24. Qd1 Nf6 25. Ra2 Nd7 26. Nd4 Ne5 27. Qe2 Nc6
28. Ra1 Rfe8 29. Re1 Qd7 30. Qf1 Nxd4 31. exd4 Bf5 1/2-1/2

[Event "4NCL 3 North pool C"]
[Site "Crewe, ENG"]
[Date "2016.04.30"]
[Round "9.65"]
[White "Ellames, Roy"]
[Black "Polaczek, Richard"]
[Result "1/2-1/2"]
[WhiteElo "2102"]
[BlackElo "2414"]
[PlyCount "55"]
[EventDate "2016.04.30"]
[WhiteTeam "Spirit of Atticus B"]
[BlackTeam "Broadland Bitterns"]

1. e4 Nf6 2. e5 Nd5 3. c4 Nb6 4. d4 d6 5. exd6 cxd6 6. Nc3 g6 7. Be3 Bg7 8. Rc1
O-O 9. b3 Bf5 10. Be2 d5 11. c5 Nc8 12. g4 Bd7 13. Bf3 Nc6 14. h3 e5 15. dxe5
d4 16. Bxd4 Nxd4 17. Qxd4 Bxe5 18. Qd3 Bxc3+ 19. Rxc3 Qa5 20. Ne2 Rd8 21. Qc2
Bb5 22. O-O Ne7 23. Bxb7 Bxe2 24. Qxe2 Qxc3 25. Bxa8 Qxc5 26. Re1 Kf8 27. Be4
Rd4 28. Qe3 1/2-1/2

[Event "4NCL 3 North pool C"]
[Site "Crewe, ENG"]
[Date "2016.04.30"]
[Round "9.66"]
[White "Moore, Gerald"]
[Black "Robertson, David J"]
[Result "1-0"]
[WhiteElo "2100"]
[BlackElo "2102"]
[PlyCount "59"]
[EventDate "2016.04.30"]
[WhiteTeam "Broadland Bitterns"]
[BlackTeam "Spirit of Atticus B"]

1. Nf3 Nf6 2. c4 c5 3. Nc3 d5 4. cxd5 Nxd5 5. d4 Nc7 6. e4 cxd4 7. Qxd4 Qxd4 8.
Nxd4 e5 9. Ndb5 Nba6 10. Be3 Bd7 11. a3 Be7 12. Rd1 Nxb5 13. Bxb5 Bxb5 14. Nxb5
b6 15. b4 Bd8 16. Ke2 h6 17. Rd5 Bf6 18. Nd6+ Ke7 19. Nf5+ Ke8 20. Rc1 Rd8 21.
b5 Rxd5 22. exd5 Nc5 23. Bxc5 bxc5 24. Rxc5 Kd7 25. Rc6 Rb8 26. a4 Rb6 27. Kd3
g6 28. Nxh6 Rxc6 29. bxc6+ Ke7 30. Nxf7 1-0

[Event "4NCL 3 North pool C"]
[Site "Crewe, ENG"]
[Date "2016.04.30"]
[Round "9.67"]
[White "Bimpson, Tom"]
[Black "Hughes, Roy"]
[Result "1-0"]
[WhiteElo "2053"]
[BlackElo "2117"]
[PlyCount "83"]
[EventDate "2016.04.30"]
[WhiteTeam "Spirit of Atticus B"]
[BlackTeam "Broadland Bitterns"]

1. d4 d5 2. c4 c6 3. Bf4 Nf6 4. e3 a6 5. Nc3 e6 6. c5 Be7 7. Bd3 Nbd7 8. h3 O-O
9. Nf3 Re8 10. O-O Nf8 11. Na4 N6d7 12. Ne5 Nxe5 13. Bxe5 Nd7 14. Bg3 b5 15.
cxb6 Nxb6 16. Nxb6 Qxb6 17. Qc2 h6 18. Qe2 c5 19. dxc5 Bxc5 20. Rac1 Bb7 21.
Bc7 Qxc7 22. b4 Qb6 23. bxc5 Qc6 24. Qc2 Rec8 25. Rb1 Rab8 26. Rfc1 d4 27. e4
Ba8 28. Rxb8 Rxb8 29. Qc4 e5 30. Qxa6 Rb2 31. Qa5 f5 32. f3 Rb8 33. exf5 Qf6
34. Qc7 Re8 35. Bc4+ Kh8 36. Qf7 Qc6 37. Bd5 Qc8 38. f6 gxf6 39. Qxf6+ Kh7 40.
c6 Qc7 41. Bf7 Re7 42. Qg6+ 1-0

[Event "4NCL 3 North pool C"]
[Site "Crewe, ENG"]
[Date "2016.04.30"]
[Round "9.68"]
[White "Freeland, Alex"]
[Black "Johnson, Michael D"]
[Result "1-0"]
[WhiteElo "2065"]
[BlackElo "2035"]
[PlyCount "195"]
[EventDate "2016.04.30"]
[WhiteTeam "Broadland Bitterns"]
[BlackTeam "Spirit of Atticus B"]

1. d4 Nf6 2. c4 e6 3. Nc3 d5 4. Bg5 Be7 5. Nf3 O-O 6. e3 h6 7. Bh4 Ne4 8. Bxe7
Qxe7 9. Qc2 Nxc3 10. Qxc3 c6 11. Bd3 Nd7 12. O-O Re8 13. cxd5 exd5 14. b4 Nf8
15. b5 cxb5 16. Qb3 Be6 17. Bxb5 Rec8 18. Rfc1 Rc7 19. Qb2 Rac8 20. Ne5 a6 21.
Ba4 Qb4 22. Qxb4 Rxc1+ 23. Qe1 Rxe1+ 24. Rxe1 Rc3 25. Kf1 f6 26. Nf3 Kf7 27.
Ke2 b5 28. Bb3 Ke7 29. Kd2 Rc7 30. Ng1 Kd6 31. Ne2 Nd7 32. Nf4 Bf7 33. e4 Nb6
34. e5+ fxe5 35. dxe5+ Ke7 36. e6 Be8 37. Nxd5+ Nxd5 38. Bxd5 a5 39. f4 Bg6 40.
Be4 Be8 41. f5 b4 42. Bd3 Rc5 43. g4 Bc6 44. h4 Bd5 45. Re5 a4 46. Be4 b3 47.
axb3 a3 48. Bxd5 a2 49. Re1 Rxd5+ 50. Kc3 Re5 51. Ra1 Re4 52. Rxa2 Rxg4 53. Ra4
Rg3+ 54. Kc4 Kf6 55. Ra1 Rg4+ 56. Kd5 Rf4 57. Re1 Ke7 58. Ke5 Rb4 59. Re3 Rb5+
60. Kf4 Rb4+ 61. Kg3 h5 62. Rc3 Kf6 63. Re3 Ke7 64. Kh3 Rb5 65. Rf3 Kf6 66. Kg2
Rb4 67. Rg3 Kxf5 68. Re3 Rb8 69. e7 Re8 70. Kf3 g5 71. hxg5 Kxg5 72. Re5+ Kf6
73. Rxh5 Rxe7 74. Rd5 Rb7 75. Rd3 Rb4 76. Ke3 Ke5 77. Kd2 Ke4 78. Kc2 Rb5 79.
Rd8 Ke5 80. Kc3 Ke6 81. Kc4 Rh5 82. b4 Ke7 83. Rd1 Rg5 84. b5 Rg6 85. Kc5 Rg2
86. Kc6 Rc2+ 87. Kb7 Rb2 88. b6 Rc2 89. Kb8 Rb2 90. b7 Rb3 91. Rd4 Rb2 92. Kc7
Rc2+ 93. Kb6 Rb2+ 94. Kc6 Ke6 95. Re4+ Kf7 96. Rc4 Ke6 97. Kc7 Kd5 98. Rc1 1-0

[Event "4NCL 3 North pool C"]
[Site "Crewe, ENG"]
[Date "2016.04.30"]
[Round "9.69"]
[White "Buckley, Colm"]
[Black "Bin-Suhayl, Ieysaa"]
[Result "1-0"]
[WhiteElo "2020"]
[BlackElo "1975"]
[PlyCount "97"]
[EventDate "2016.04.30"]
[WhiteTeam "Spirit of Atticus B"]
[BlackTeam "Broadland Bitterns"]

1. d4 Nf6 2. c4 c5 3. d5 b5 4. cxb5 a6 5. e3 g6 6. Nc3 d6 7. Nf3 Bg7 8. a4 O-O
9. Ra3 e6 10. Be2 exd5 11. Nxd5 Bb7 12. Nxf6+ Qxf6 13. O-O Nd7 14. bxa6 Bxa6
15. Bxa6 Rxa6 16. Qd3 Rfa8 17. b3 Nb6 18. Qb5 c4 19. a5 Qf5 20. Qxf5 gxf5 21.
axb6 Rxa3 22. Bxa3 Rxa3 23. Nd2 d5 24. bxc4 Ra2 25. b7 Rb2 26. Rb1 Rxb1+ 27.
Nxb1 Be5 28. cxd5 Kf8 29. Nc3 Ke7 30. Nb5 Bb8 31. Kf1 Kf6 32. f4 Ke7 33. Ke2
Kd7 34. Kd3 f6 35. Kc4 h6 36. Kc5 h5 37. g3 Bc7 38. Nxc7 Kxc7 39. b8=Q+ Kxb8
40. Kd6 Kb7 41. Ke7 Kc7 42. d6+ Kb7 43. d7 Ka6 44. d8=Q Ka7 45. Qa5+ Kb8 46.
Kd7 Kb7 47. Qb4+ Ka8 48. Kc7 Ka7 49. Qa4# 1-0

[Event "4NCL 3 North pool C"]
[Site "Crewe, ENG"]
[Date "2016.04.30"]
[Round "9.70"]
[White "Badger, Paul"]
[Black "McDonagh, Michael"]
[Result "0-1"]
[WhiteElo "1873"]
[BlackElo "1960"]
[PlyCount "124"]
[EventDate "2016.04.30"]
[WhiteTeam "Broadland Bitterns"]
[BlackTeam "Spirit of Atticus B"]

1. e4 e5 2. f4 d5 3. exd5 exf4 4. Nf3 Nf6 5. Nc3 c6 6. dxc6 Nxc6 7. d4 Bd6 8.
Be2 O-O 9. O-O Bg4 10. Nb5 Bb8 11. c4 a6 12. Nc3 Ba7 13. Kh1 Bxf3 14. Bxf3 Qxd4
15. Bxc6 bxc6 16. Qxd4 Bxd4 17. Ne2 Be3 18. Nxf4 Rfe8 19. Bxe3 Rxe3 20. Rad1 a5
21. Rd6 c5 22. b3 Ne4 23. Rd7 f6 24. Kg1 a4 25. Nd5 Re2 26. Nb6 Rb8 27. Nxa4
Rxa2 28. Rc7 Rxb3 29. Nxc5 Nxc5 30. Rxc5 Rbb2 31. Rf3 Rxg2+ 32. Kf1 Rxh2 33.
Rc8+ Kf7 34. Rc7+ Ke6 35. Kg1 Rhg2+ 36. Kf1 Rgc2 37. Re3+ Kf5 38. Rxg7 Ra1+ 39.
Re1 Rxe1+ 40. Kxe1 h5 41. Rh7 Kg6 42. Rh8 Rxc4 43. Kf2 Rc3 44. Rg8+ Kf5 45. Rh8
Kg4 46. Rg8+ Kf4 47. Rg6 Rc2+ 48. Kg1 f5 49. Rg8 h4 50. Rh8 Kg3 51. Rg8+ Kf3
52. Rf8 f4 53. Rh8 Rg2+ 54. Kf1 Ra2 55. Kg1 Rg2+ 56. Kf1 Rg4 57. Rb8 Kg3 58.
Rb3+ f3 59. Rb8 h3 60. Rh8 h2 61. Rh7 Rh4 62. Rg7+ Kh3 0-1

[Event "4NCL 3 North pool C"]
[Site "Crewe, ENG"]
[Date "2016.04.30"]
[Round "9.75"]
[White "Berry, Neil"]
[Black "Bentley, John L"]
[Result "1-0"]
[WhiteElo "2351"]
[BlackElo "2133"]
[PlyCount "75"]
[EventDate "2016.04.30"]
[WhiteTeam "Alba"]
[BlackTeam "3Cs 2"]

1. d4 Nf6 2. c4 g6 3. Nc3 Bg7 4. e4 d6 5. Nf3 O-O 6. Be2 c5 7. d5 b5 8. cxb5 a6
9. bxa6 Bxa6 10. O-O Qa5 11. e5 dxe5 12. Nxe5 Rd8 13. Bxa6 Qxa6 14. Qf3 Qc8 15.
d6 Ra7 16. Bg5 Qf5 17. Qxf5 gxf5 18. dxe7 Rxe7 19. f4 Rb7 20. Rad1 Rd4 21. Ne2
Rxd1 22. Rxd1 h6 23. Bxf6 Bxf6 24. b3 Bxe5 25. fxe5 Nc6 26. Rd5 Nb4 27. Rxc5
Nxa2 28. Nd4 f4 29. Kf2 Nb4 30. Kf3 Nd3 31. Rc8+ Kh7 32. Ke4 Ne1 33. Kxf4 Nxg2+
34. Ke4 h5 35. Rc4 Kg6 36. b4 Re7 37. Rc6+ Kg5 38. b5 1-0

[Event "4NCL 3 North pool C"]
[Site "Crewe, ENG"]
[Date "2016.04.30"]
[Round "9.76"]
[White "Clarke, Stuart W"]
[Black "MacQueen, Calum"]
[Result "1/2-1/2"]
[WhiteElo "2065"]
[BlackElo "2253"]
[PlyCount "88"]
[EventDate "2016.04.30"]
[WhiteTeam "3Cs 2"]
[BlackTeam "Alba"]

1. e4 c6 2. d4 d5 3. exd5 cxd5 4. c4 Nf6 5. Nc3 Nc6 6. Nf3 Bg4 7. cxd5 Nxd5 8.
Qb3 Bxf3 9. gxf3 e6 10. Qxb7 Nxd4 11. Bb5+ Nxb5 12. Qc6+ Ke7 13. Qxb5 Qd7 14.
Nxd5+ exd5 15. Qxd7+ Kxd7 16. Be3 Bb4+ 17. Ke2 Rhe8 18. Rac1 a6 19. Kd3 Bd6 20.
Kd4 Ke6 21. Rhe1 Be5+ 22. Kd3 Kd6 23. b4 Kd7 24. Bc5 Rac8 25. a4 Bxh2 26. Rxe8
Rxe8 27. Rh1 Bd6 28. Rxh7 Bxc5 29. bxc5 Re5 30. Rxg7 Rf5 31. Rg8 Rf4 32. a5 Kc6
33. Ra8 Kxc5 34. Rxa6 Rxf3+ 35. Ke2 Rf4 36. Ra7 f5 37. a6 Ra4 38. Rf7 Rxa6 39.
Rxf5 Kd4 40. Rf4+ Ke5 41. Rh4 Ra2+ 42. Ke3 Ra3+ 43. Ke2 d4 44. Rh8 Ra2+ 1/2-1/2

[Event "4NCL 3 North pool C"]
[Site "Crewe, ENG"]
[Date "2016.04.30"]
[Round "9.77"]
[White "Burnett, Andrew"]
[Black "Adams, Philip"]
[Result "1-0"]
[WhiteElo "2205"]
[BlackElo "2050"]
[PlyCount "57"]
[EventDate "2016.04.30"]
[WhiteTeam "Alba"]
[BlackTeam "3Cs 2"]

1. e4 Nf6 2. e5 Nd5 3. g3 d6 4. d4 g6 5. Bg2 c6 6. Nf3 Bg7 7. O-O dxe5 8. Nxe5
O-O 9. c4 Nb6 10. b3 N8d7 11. Nf3 e5 12. Nc3 exd4 13. Nxd4 c5 14. Nde2 Ne5 15.
Be3 Nbd7 16. h3 Qa5 17. Nd5 Nc6 18. Bd2 Qd8 19. Bc3 Bxc3 20. Nexc3 Nb6 21. Ne4
Nd7 22. Qd2 Re8 23. Rfe1 Re6 24. Qh6 Nf8 25. Nxc5 Rxe1+ 26. Rxe1 Be6 27. Nxb7
Qb8 28. Nf6+ Kh8 29. Bxc6 1-0

[Event "4NCL 3 North pool C"]
[Site "Crewe, ENG"]
[Date "2016.04.30"]
[Round "9.78"]
[White "Burke, Mitchell R"]
[Black "Findlay David John"]
[Result "0-1"]
[WhiteElo "2050"]
[BlackElo "2155"]
[PlyCount "92"]
[EventDate "2016.04.30"]
[WhiteTeam "3Cs 2"]
[BlackTeam "Alba"]

1. e4 e5 2. f4 exf4 3. Bc4 Nc6 4. Nf3 Nf6 5. Nc3 Bb4 6. O-O O-O 7. e5 Ng4 8. d4
d6 9. h3 Ne3 10. Bxe3 fxe3 11. Nd5 Be6 12. c3 dxe5 13. Qb3 Na5 14. Qxb4 Bxd5
15. Bxd5 Qxd5 16. Nxe5 b6 17. Qa4 c5 18. Rae1 cxd4 19. Qxd4 Qxd4 20. cxd4 f6
21. Ng4 Rad8 22. Rf4 Nc6 23. Rxe3 Rxd4 24. Rxd4 Nxd4 25. Re7 h5 26. Ne3 Rf7 27.
Re8+ Kh7 28. Rd8 Nc6 29. Rc8 Ne5 30. Nc4 Nxc4 31. Rxc4 Rd7 32. Kh2 Rd2 33. Rb4
g5 34. a4 Kg6 35. Rb5 h4 36. a5 Rd6 37. axb6 axb6 38. Kg1 Kf7 39. Kf2 Ke6 40.
Rb3 Kd5 41. Ke3 Kc4 42. Rc3+ Kb4 43. Ke2 f5 44. Rf3 Rd5 45. Re3 b5 46. Rc3 Rc5
0-1

[Event "4NCL 3 North pool C"]
[Site "Crewe, ENG"]
[Date "2016.04.30"]
[Round "9.79"]
[White "Green, Andrew D"]
[Black "Burton, Graham P"]
[Result "0-1"]
[WhiteElo "2153"]
[BlackElo "1987"]
[PlyCount "128"]
[EventDate "2016.04.30"]
[WhiteTeam "Alba"]
[BlackTeam "3Cs 2"]

1. d4 Nf6 2. c4 c5 3. d5 e6 4. Nc3 exd5 5. cxd5 d6 6. Nf3 g6 7. Bf4 Bg7 8. Qa4+
Bd7 9. Qb3 Qc7 10. e4 O-O 11. Nd2 Nh5 12. Be3 f5 13. exf5 Bxf5 14. Be2 Nf6 15.
Nc4 Ne4 16. O-O Nxc3 17. bxc3 Nd7 18. Bf4 Bc2 19. Bxd6 Bxb3 20. Bxc7 Bxc4 21.
Bxc4 Bxc3 22. Rab1 Ne5 23. Be2 b6 24. f4 Bd4+ 25. Kh1 Nd7 26. Bc4 Kg7 27. Rfe1
Nf6 28. Re7+ Kh8 29. Rbe1 b5 30. Bxb5 Nxd5 31. Be5+ Bxe5 32. R7xe5 Nxf4 33.
Rxc5 Rac8 34. Rc4 Rxc4 35. Bxc4 Rc8 36. Re4 Nh5 37. Kg1 Rc7 38. a4 Nf6 39. Rd4
Nd7 40. h4 Kg7 41. a5 Ne5 42. Bf1 h5 43. Rf4 Ng4 44. Bc4 Ne3 45. Be2 Rc2 46.
Kf2 Ng4+ 47. Kf3 Rc3+ 48. Ke4 Re3+ 49. Kd5 Rxe2 50. Ra4 Rxg2 51. Kc6 Rf2 52. a6
Ne5+ 53. Kd6 Nd3 54. Rd4 Rf6+ 55. Kc7 Rxa6 56. Rxd3 Ra4 57. Rh3 Kf6 58. Kd6 Kf5
59. Rg3 Rxh4 60. Ra3 Re4 61. Rxa7 h4 62. Kd5 Re2 63. Kd4 g5 64. Kd3 Re8 0-1

[Event "4NCL 3 North pool C"]
[Site "Crewe, ENG"]
[Date "2016.04.30"]
[Round "9.80"]
[White "Tebelev, Michael"]
[Black "Oswald, David C"]
[Result "1/2-1/2"]
[WhiteElo "1877"]
[BlackElo "2088"]
[PlyCount "72"]
[EventDate "2016.04.30"]
[WhiteTeam "3Cs 2"]
[BlackTeam "Alba"]

1. d4 e6 2. c4 f5 3. Nc3 Nf6 4. Nf3 Bb4 5. a3 Bxc3+ 6. bxc3 O-O 7. e3 d6 8. Bd3
b6 9. O-O c5 10. Nd2 e5 11. f3 Nc6 12. d5 Ne7 13. e4 f4 14. Rf2 g5 15. g4 Kf7
16. Nf1 Rh8 17. Raa2 h5 18. h3 Bd7 19. Bc2 Rh6 20. Ba4 Bc8 21. Bd2 Qh8 22. Rh2
Qh7 23. Qe2 Bb7 24. Be1 Rh8 25. Qg2 Bc8 26. Bd1 Ng6 27. Qh1 Kg8 28. Rag2 hxg4
29. hxg4 Ba6 30. Rxh6 Qxh6 31. Qxh6 Rxh6 32. Nd2 Nh8 33. Ba4 Kf8 34. Bb5 Bc8
35. Nb3 Ne8 36. a4 a5 1/2-1/2

[Event "4NCL 3 North pool C"]
[Site "Crewe, ENG"]
[Date "2016.04.30"]
[Round "9.85"]
[White "Jaunooby, Ali R"]
[Black "Wallace, Paul"]
[Result "1/2-1/2"]
[WhiteElo "2170"]
[BlackElo "2240"]
[PlyCount "125"]
[EventDate "2016.04.30"]
[WhiteTeam "Manchester Manticores 1"]
[BlackTeam "Cheddleton 2"]

1. d4 Nf6 2. c4 g6 3. Nc3 Bg7 4. g3 O-O 5. Bg2 d6 6. e3 Nc6 7. Nge2 a6 8. h3
Rb8 9. b3 Bd7 10. d5 Na5 11. Bb2 b5 12. cxb5 axb5 13. Nd4 Qe8 14. Rc1 e6 15.
Qd2 b4 16. Nce2 Nxd5 17. e4 Nc3 18. Nxc3 bxc3 19. Bxc3 Nb7 20. h4 Nc5 21. b4
Na4 22. Ba1 c5 23. Nc2 Bxa1 24. Rxa1 Qe7 25. Rd1 d5 26. a3 Bb5 27. Ne3 d4 28.
Ng4 f5 29. Nh6+ Kg7 30. bxc5 e5 31. exf5 gxf5 32. Bh3 Bd7 33. g4 Rb2 34. Qg5+
Qxg5 35. hxg5 Nc3 36. gxf5 Bb5 37. Bg4 Nxd1 38. Bxd1 d3 39. Kf1 d2+ 40. Kg2
Bc6+ 41. f3 e4 42. Kf2 exf3 43. Rg1 Be4 44. f6+ Kg6 45. Ke3 Bc6 46. Ng4 Re8+
47. Kf4 Re4+ 48. Kxf3 Re5+ 49. Kf4 Rf5+ 50. Ke3 Rxc5 51. Kd4 Rxg5 52. Rf1 Rf5
53. Rxf5 Kxf5 54. Kc3 Rb8 55. Kxd2 h5 56. Ne3+ Kg5 57. f7 h4 58. Bg4 Kf4 59.
Be6 Bf3 60. Nd5+ Ke5 61. Nc7 Bc6 62. Ne8 Rxe8 63. fxe8=Q 1/2-1/2

[Event "4NCL 3 North pool C"]
[Site "Crewe, ENG"]
[Date "2016.04.30"]
[Round "9.86"]
[White "Acey, Gerald"]
[Black "Mazek, Marek"]
[Result "1-0"]
[WhiteElo "2103"]
[BlackElo "2147"]
[PlyCount "117"]
[EventDate "2016.04.30"]
[WhiteTeam "Cheddleton 2"]
[BlackTeam "Manchester Manticores 1"]

1. c4 Nf6 2. Nc3 e6 3. Nf3 Bb4 4. Qc2 O-O 5. g3 b6 6. Bg2 Bb7 7. O-O d5 8. cxd5
exd5 9. d4 h6 10. Bf4 Na6 11. a3 Bxc3 12. bxc3 c5 13. Ne5 Qc8 14. Rac1 Nc7 15.
Qd2 Nce8 16. c4 dxc4 17. Bxb7 Qxb7 18. dxc5 b5 19. Qb2 g5 20. Bd2 Qc7 21. c6
Nd6 22. Bb4 Rfd8 23. Nxc4 Nfe4 24. Nxd6 Nxd6 25. Qf6 Kh7 26. Rfd1 Ne8 27. Qf5+
Kg8 28. Qxb5 Rac8 29. Rxd8 Qxd8 30. Qf5 Ng7 31. Qe5 Ne6 32. Bc3 Kh7 33. Bb2 Qg8
34. Qf5+ Qg6 35. Qxg6+ Kxg6 36. f3 f6 37. Kf2 Nd8 38. c7 Ne6 39. Rc6 Kf7 40.
Ke3 Rxc7 41. Rxc7+ Nxc7 42. Kd4 Ke6 43. e4 f5 44. Bc1 fxe4 45. fxe4 Nb5+ 46.
Kd3 a6 47. g4 Ke5 48. Ke3 Ke6 49. Bb2 Kf7 50. a4 Nc7 51. Kd4 Ne6+ 52. Kd5 h5
53. gxh5 Nf4+ 54. Kc6 Nxh5 55. Kb6 Nf4 56. Kxa6 Nd3 57. Bd4 g4 58. Kb7 Nf4 59.
a5 1-0

[Event "4NCL 3 North pool C"]
[Site "Crewe, ENG"]
[Date "2016.04.30"]
[Round "9.87"]
[White "Kay, Lee P"]
[Black "Richardson, Alex"]
[Result "0-1"]
[WhiteElo "2110"]
[BlackElo "2123"]
[PlyCount "70"]
[EventDate "2016.04.30"]
[WhiteTeam "Manchester Manticores 1"]
[BlackTeam "Cheddleton 2"]

1. f4 d5 2. Nf3 Nf6 3. g3 c6 4. Bg2 Qb6 5. e3 Bg4 6. h3 Bxf3 7. Qxf3 Nbd7 8. g4
e5 9. g5 e4 10. Qe2 Ng8 11. h4 O-O-O 12. b3 Ne7 13. Nc3 Nf5 14. Na4 Qa5 15. Qf2
b5 16. Bh3 Nxe3 17. Qxe3 bxa4 18. Bb2 a3 19. Bc3 Qb6 20. Bd4 c5 21. Be5 f6 22.
Bc3 d4 23. Qxe4 dxc3 24. O-O-O Bd6 25. dxc3 Rhe8 26. Bxd7+ Kxd7 27. Qa4+ Kc7
28. h5 f5 29. Qc4 Rd7 30. Rhe1 Ree7 31. g6 hxg6 32. hxg6 Qc6 33. Rxe7 Rxe7 34.
Rf1 Qe4 35. Qxe4 Rxe4 0-1

[Event "4NCL 3 North pool C"]
[Site "Crewe, ENG"]
[Date "2016.04.30"]
[Round "9.88"]
[White "Edwards, Simon R"]
[Black "Flores, Marcial"]
[Result "1-0"]
[WhiteElo "2020"]
[BlackElo "2087"]
[PlyCount "99"]
[EventDate "2016.04.30"]
[WhiteTeam "Cheddleton 2"]
[BlackTeam "Manchester Manticores 1"]

1. e4 Nc6 2. d4 d5 3. Nc3 e6 4. Nf3 Bb4 5. Bd3 Nf6 6. e5 Ne4 7. Bd2 Bxc3 8.
bxc3 h6 9. O-O Bd7 10. c4 Nxd2 11. Qxd2 O-O 12. cxd5 exd5 13. h3 Ne7 14. Nh4 c5
15. f4 c4 16. Be2 Nf5 17. Nxf5 Bxf5 18. Bf3 Rc8 19. g4 c3 20. Qg2 Be4 21. Bxe4
dxe4 22. Qxe4 Rc4 23. Rfd1 Qb6 24. Qd5 Rb4 25. a3 Rb2 26. Qe4 Rd8 27. Qd3 Qc6
28. f5 Rxd4 29. Qxd4 Rxc2 30. Qd5 Qb6+ 31. Qd4 Qb2 32. Qe3 Rg2+ 33. Kf1 Rh2 34.
Qf3 Qb5+ 35. Kg1 Qxe5 36. Re1 Qc7 37. Rac1 c2 38. Re8+ Kh7 39. Rc8 Rxh3 40.
Qxh3 Qxc8 41. Qd3 Qc5+ 42. Kg2 h5 43. Rxc2 Qe5 44. gxh5 Kh6 45. Re2 Qc7 46.
Qe3+ Kh7 47. Qe4 Kh6 48. Rb2 b6 49. Rc2 Qd6 50. Rc6 1-0

[Event "4NCL 3 North pool C"]
[Site "Crewe, ENG"]
[Date "2016.04.30"]
[Round "9.89"]
[White "Hamer, Martyn"]
[Black "Davison, Colin F S"]
[Result "1/2-1/2"]
[WhiteElo "2087"]
[BlackElo "1982"]
[PlyCount "54"]
[EventDate "2016.04.30"]
[WhiteTeam "Manchester Manticores 1"]
[BlackTeam "Cheddleton 2"]

1. Nf3 Nf6 2. c4 c5 3. Nc3 Nc6 4. d4 cxd4 5. Nxd4 g6 6. e4 d6 7. Be2 Bg7 8. Be3
Bd7 9. Qd2 O-O 10. O-O Nxd4 11. Bxd4 Bc6 12. f3 Nd7 13. Be3 f5 14. exf5 Rxf5
15. Rad1 b6 16. Bd3 Rf8 17. Be4 Bxe4 18. Nxe4 Nf6 19. Nxf6+ Bxf6 20. Rfe1 Rc8
21. Bd4 Qc7 22. Bxf6 Rxf6 23. b3 Re8 24. Re4 Rf5 25. Qe2 Kf8 26. Re1 e5 27. f4
Re7 1/2-1/2